Curating the Prehistoric Past

محفوظ في:

مؤلفون آخرون: Kadowaki, Seiji (المحرر), Abe, Masashi (المحرر), Akashi, Chie (المحرر), Arai, Saiji (المحرر), Arimatsu, Yui (المحرر), Kondo, Yasuhisa (المحرر), Kume, Shogo (المحرر), Miki, Takehiro (المحرر), Nakata, Hiroto (المحرر), Odaka, Takahiro (المحرر), Shimogama, Kazuya (المحرر)

التنسيق: كتاب

منشور في: Oxford Archaeopress Publishing Ltd 2026

الوسوم: إضافة وسم

لا توجد وسوم, كن أول من يضع وسما على هذه التسجيلة!

رقم الطلب:

LEADER 01093namaa2200289 4500
001 9781805832577
003 UkOxAP
005 20260405155020.0
020 |a 9781805832584 
776 1 |x 9781805832577 
245 0 0 |a Curating the Prehistoric Past 
100 1 |a Kadowaki, Seiji  |e Editor  |l English 
700 1 |a Abe, Masashi  |e Editor  |l English 
700 1 |a Akashi, Chie  |e Editor  |l English 
700 1 |a Arai, Saiji  |e Editor  |l English 
700 1 |a Arimatsu, Yui  |e Editor  |l English 
700 1 |a Kondo, Yasuhisa  |e Editor  |l English 
700 1 |a Kume, Shogo  |e Editor  |l English 
700 1 |a Miki, Takehiro  |e Editor  |l English 
700 1 |a Nakata, Hiroto  |e Editor  |l English 
700 1 |a Odaka, Takahiro  |e Editor  |l English 
700 1 |a Shimogama, Kazuya  |e Editor  |l English 
856 4 2 |a http://library.arce.org:8087/Archaeopress/Products/9781805832584 
260 |a Oxford  |b Archaeopress Publishing Ltd  |c 2026 
270 |a Archaeopress Publishing Ltd, Summertown Pavillion, 18 -24 Middle Way, Summertown  |b Oxford  |d United Kingdom  |e OX2 7LG  |k 44-1865-311914  |m info@archaeopress.com 
942 |2 lcc  |c EBOOK 
999 |c 62182  |d 62182